000 00486nam a2200145 i 4500
001 186025
003 ES-MaACL
005 20230906222551.0
008 160905s1951 sp |||| | spa d
245 0 0 _aCurso de conferencias sobre la política africana de los Reyes Católicos.
260 _aMadrid :
_bInstituto de Estudios Africanos,
_c1951.
300 _a3 v. :
_bil. ;
_c24 cm.
651 _aEspaña-
_xHistoria-
_y1474-1516, Reyes Católicos.
_98222
852 _aES-MaACL
_jE-4553-55
999 _c186025
_d186025